Jeux Vidéos 10/10 selon moi - Statistiques

Statistiques générales
  • Ce quiz a été pris 148 fois
  • Le résultat moyen est 7 sur 18
Statistiques - réponses
Par images Réponse % Correct
Pokemon Go
94%
Minecraft
83%
Overwatch
83%
Pokémon XY
62%
Dofus
58%
Pokémon Noir et Blanc
52%
Stardew Valley
50%
Pokémon Saphir Alpha Rubis Omega
41%
Pokemon Legend Arceus
39%
Animal Crossing New Leaf
30%
Lego Pirates des caraibes
29%
Lego Star wars III
15%
Lego Indiana Jones II
7%
Moonlighter
7%
Pokemon Or Heartgold Argent Soul Silver
7%
Ni no Kuni la vengeance de la sorcière céleste
4%
Disgaea 5
2%
The inner world : The last wind monk
2%
Aucun quiz correspondant
Distribution des résultats
% des personnes avec chaque résultat
Percentile par nombre de réponses
Votre historique - résultats
Vous n’avez pas pris ce quiz